Obras [de Manuel José Othón] : poesía /
Gespeichert in:
| 1. Verfasser: | |
|---|---|
| Format: | Buch |
| Sprache: | Spanisch |
| Veröffentlicht: |
México :
Secretaría de Educación Pública,
1928
|
| Schlagworte: | |
| Tags: |
Keine Tags, Fügen Sie das erste Tag hinzu!
|
MARC
| LEADER | 00000nam^a2200000^a^4500 | ||
|---|---|---|---|
| 001 | 000262761 | ||
| 005 | 20250521000000.0 | ||
| 009 | 20260310110553.403 | ||
| 037 | |a Acervo Xavier Clavigero | ||
| 041 | |a ESP | ||
| 082 | |a 868. |b OTH V. 1 | ||
| 100 | |a Othón, Manuel José |e (autor) | ||
| 245 | 1 | 0 | |a Obras [de Manuel José Othón] : |b poesía / |c M.J. Othón. |
| 264 | 1 | |a México : |b Secretaría de Educación Pública, |c 1928 | |
| 300 | |a LXII, 269 p. | ||
| 336 | |a texto |b txt |2 rdacontenido | ||
| 337 | |a sin mediación |b n |2 rdamedio | ||
| 338 | |a volumen |b nc |2 rdasoporte | ||
| 545 | 0 | |a Manuel José Othón (1858-1906) fue un abogado, político y escritor mexicano, cuya obra poética se caracteriza por una profunda espiritualidad que surge de la contemplación de la naturaleza, así como por su originalidad y singularidad, ubicada entre los movimientos del romanticismo y el modernismo. Nació en la ciudad de San Luis Potosí y se educó primero en el Seminario Conciliar, donde aprendió latín y escribió sus primeros versos; luego estudió Jurisprudencia en el Instituto Científico y Literario, antecesor de la Universidad Autónoma de San Luis Potosí. Escribió teatro y narrativa, pero destaca más su obra poética; entre sus publicaciones se encuentran: Poesías (1880); Poesías, nuevas poesías (1883); Ultimas poesías (1888); Himno de los bosques (1893) y Poemas rústicos (1902), publicada en 1902, se reeditó en 1944 con nuevos poemas que el autor escribió en sus últimos cuatro años de vida; en narrativa Cuentos de Espantos (1903), publicados en El Mundo Ilustrado; en teatro La idea del progreso (1872); Herida en el corazón (1877); La sombra del hogar (1878); La cadena de flores (1878); Después de la muerte (1884); Idilio salvaje (1904-1905) y El último capítulo (1905). De manera póstuma se publicaron Noche rústica de Walpurgis (1907) y El himno de los bosques (1908). | |
| 649 | |a XX | ||
| 650 | |a Escritores Mexicanos | ||
| 650 | |a Poesía Mexicana | ||
| 650 | |a Literatura Mexicana - |y Siglo XIX | ||
| 650 | |a Literatura Mexicana - |y Siglo XX | ||
| 650 | |a Literatura Mexicana - |x Historia y Crítica | ||
| 650 | |a Othón, Manuel José | ||
| 910 | |a Fondo General | ||
| 920 | |a Impresos - Libros | ||
| 930 | |a Colección General | ||
| 940 | |a Literatura | ||
| 905 | |a 101 | ||
| 901 | |a 058148 |b IT1 |c LIT |u 20250521 | ||
| 902 | |a https://opac.biblio.iteso.mx/vufind/Record/000262761 | ||